000 00293nam a22001337a 4500
008 170620b xxu||||| |||| 00| 0 eng d
020 _a0716715074
041 _aeng
080 _a32
100 _a20
101 _aSHP
245 _aCHALLENGES TO COMMUNISM
_cGURLEY.J.G
942 _2udc
_cBK
999 _c18342
_d18342